Экономика труда: учебное пособие

Podrobná bibliografie
Hlavní autor: Колупаева В. А. Валентина Александровна
Korporativní autor: Томский политехнический университет (ТПУ) Институт дистанционного образования (ИДО)
Další autoři: Пономарева Е. Е. Елена Евгеньевна, Раковская В. С. Вера Сергеевна
Shrnutí:В учебном пособии изложены теоретические основы экономики труда и приводится анализ основных понятий и терминов, дается характеристика особенностям трудовых отношений в условиях рыночного хозяйства. Также нашли отражение такие важные темы, как формирование трудового потенциала в национальной экономике, особенности функционирования рынка труда, мобильность трудовых ресурсов и проблемы, связанные с оплатой труда, его продуктивностью и эффективностью. Пособие составлено на основе учебно-методического материала, изложенного в учебнике по экономике труда под редакцией Н. Л. Волгина и Ю. Г. Одегова, изданного в 2002 г. и рекомендованного МО РФ в качестве учебника для студентов высших учебных заведений, обучающихся по экономическим специальностям. Пособие подготовлено на кафедре экономики, соответствует программе дисциплины и предназначено для студентов направления 521600 «Экономика» и специальностей 060S00 «Бухгалтерский учет, анализ и аудит», 060700 «Национальная экономика» Института дистанционного образования.
Jazyk:ruština
Vydáno: Томск, Изд-во ТПУ, 2005
Témata:
Médium: MixedMaterials Kniha
KOHA link:https://koha.lib.tpu.ru/cgi-bin/koha/opac-detail.pl?biblionumber=63691

MARC

LEADER 00000nam0a2200000 4500
001 63691
005 20231031064709.0
035 |a (RuTPU)RU\TPU\book\67590 
090 |a 63691 
100 |a 20040519d2005 m y0rusy50 ca 
101 0 |a rus 
102 |a RU 
105 |a y j 001zy 
200 1 |a Экономика труда  |e учебное пособие  |f В. А. Колупаева, Е. Е. Пономарева, В. С. Раковская  |g Томский политехнический университет (ТПУ), Институт дистанционного образования (ИДО) 
210 |a Томск  |c Изд-во ТПУ  |d 2005 
215 |a 161 с. 
320 |a Библиогр.: с. 157-158. 
330 |a В учебном пособии изложены теоретические основы экономики труда и приводится анализ основных понятий и терминов, дается характеристика особенностям трудовых отношений в условиях рыночного хозяйства. Также нашли отражение такие важные темы, как формирование трудового потенциала в национальной экономике, особенности функционирования рынка труда, мобильность трудовых ресурсов и проблемы, связанные с оплатой труда, его продуктивностью и эффективностью. Пособие составлено на основе учебно-методического материала, изложенного в учебнике по экономике труда под редакцией Н. Л. Волгина и Ю. Г. Одегова, изданного в 2002 г. и рекомендованного МО РФ в качестве учебника для студентов высших учебных заведений, обучающихся по экономическим специальностям. Пособие подготовлено на кафедре экономики, соответствует программе дисциплины и предназначено для студентов направления 521600 «Экономика» и специальностей 060S00 «Бухгалтерский учет, анализ и аудит», 060700 «Национальная экономика» Института дистанционного образования. 
610 1 |a экономика 
610 1 |a труд 
610 1 |a общественная организация 
610 1 |a рынок труда 
610 1 |a занятость 
610 1 |a безработица 
610 1 |a заработная плата 
610 1 |a оплата труда 
610 1 |a уровень жизни 
610 1 |a доходы 
610 1 |a расходы 
610 1 |a производительность труда 
610 1 |a рост 
610 1 |a рабочая сила 
610 1 |a мобильность 
610 1 |a миграция 
610 1 |a международное разделение труда 
610 1 |a дистанционное образование 
610 1 |a учебные пособия 
686 |a У9(2)24я73  |v LBC/SL-A  |2 rubbk 
700 1 |a Колупаева  |b В. А.  |c российский экономист  |c доцент Томского политехнического университета, кандидат экономических наук  |g Валентина Александровна  |2 stltpush  |3 (RuTPU)RU\TPU\pers\25431 
701 1 |a Пономарева  |b Е. Е.  |g Елена Евгеньевна 
701 1 |a Раковская  |b В. С.  |g Вера Сергеевна 
712 0 2 |a Томский политехнический университет (ТПУ)  |b Институт дистанционного образования (ИДО)  |2 stltpush  |3 (RuTPU)RU\TPU\col\12625 
801 1 |a RU  |b 63413507  |c 20040519  |g PSBO 
801 2 |a RU  |b 63413507  |c 20210113  |g PSBO 
942 |c BK